| 000 | 00650nam a2200205 a 4500 | ||
|---|---|---|---|
| 001 | 73705 | ||
| 003 | BD-RjUL | ||
| 005 | 20211209082433.0 | ||
| 008 | 170607s1950 pk ab o000 0 eng d | ||
| 035 | _a(BD-RjUL)73923 | ||
| 040 |
_aDLC _cDLC _dDLC _dBD-RjUL _beng |
||
| 041 | _aeng | ||
| 082 | 0 | 0 |
_a338.2095491 _223 _bPAM 1950 |
| 110 | 1 |
_aPakistan. _bDepartment of Mineral Concessions. _9218177 |
|
| 245 | 1 | 0 |
_aMining industry in Pakistan / _cPakistan. Department of Mineral Concessions. |
| 260 |
_aKarachi : _bMinistry of Industries, _c1950. |
||
| 300 |
_a54 p. : _bill. ; _c26 cm. |
||
| 650 | 0 |
_aMineral industries _zPakistan. _9218176 |
|
| 942 |
_2ddc _cBK |
||
| 999 |
_c73705 _d73705 |
||